Welcome to the Holygrace Academy Library

Please use search bar below to get started

CAMBRIDGE ADVANCED LEARNER'S DICTIONARY (Record no. 2045)

MARC details
000 -LEADER
fixed length control field 00343nam a22001337a 4500
020 ## - INTERNATIONAL STANDARD BOOK NUMBER
ISBN 978-0-521-73213-0
082 ## - DEWEY DECIMAL CLASSIFICATION NUMBER
Classification number 030
Item number CAM/A
100 ## - MAIN ENTRY--AUTHOR NAME
Personal name CAMBRIDGE
245 ## - TITLE STATEMENT
Title CAMBRIDGE ADVANCED LEARNER'S DICTIONARY
250 ## - EDITION STATEMENT
Edition statement THIRD EDITION
260 ## - PUBLICATION, DISTRIBUTION, ETC. (IMPRINT)
Place of publication CAMBRIDGE
Name of publisher CAMBRIDGE UNIVERSITY PRESS
Year of publication 2008
650 ## - SUBJECT ADDED ENTRY--TOPICAL TERM
Topical Term DICTIONARY
Geographic subdivision CAMBRIDGE
942 ## - ADDED ENTRY ELEMENTS (KOHA)
Koha item type Books
Holdings
Withdrawn status Lost status Collection code Home library Current library Shelving location Date acquired Source of acquisition Full call number Accession Number Koha item type
    Reference Main Library Main Library SHELF 1 F -DICTIONARY,THEASAURUS 04/09/2012 purchase 030 CAM/A 06117 Books